Mike : (Record no. 1820)

MARC details
000 -LEADER
fixed length control field 01161nac a22003251i 4500
003 - CONTROL NUMBER IDENTIFIER
control field EG-ScBUE
005 - DATE AND TIME OF LATEST TRANSACTION
control field 20240707084847.0
008 - FIXED-LENGTH DATA ELEMENTS--GENERAL INFORMATION
fixed length control field 240707s1975 -cnac f 001 0aeng d
020 ## - INTERNATIONAL STANDARD BOOK NUMBER
International Standard Book Number 0802019137
040 ## - CATALOGING SOURCE
Original cataloging agency EG-ScBUE
Language of cataloging eng
Description conventions rda
Transcribing agency EG-ScBUE
Modifying agency EG-ScBUE
043 ## - GEOGRAPHIC AREA CODE
Geographic area code n-cn---
082 04 - DEWEY DECIMAL CLASSIFICATION NUMBER
Classification number 971.06430924
Item number PEA
Edition number 22
100 1# - MAIN ENTRY--PERSONAL NAME
Personal name Pearson, Lester B.,
Relator term author.
245 10 - TITLE STATEMENT
Title Mike :
Remainder of title the memoirs of the right honourable /
Statement of responsibility, etc Lester B. Pearson ; edited by John A. Munro, Alex I. Inglis.
264 #1 - PUBLICATION, DISTRIBUTION, ETC. (IMPRINT)
Place of publication, distribution, etc Toronto :
Name of publisher, distributor, etc University of Toronto Press,
Date of publication, distribution, etc 1975.
300 ## - PHYSICAL DESCRIPTION
Extent 2 volumes :
Other physical details illustrations, portraits ;
Dimensions 24 cm
336 ## - CONTENT TYPE
Source rdacontent
Content type term text
Content type code txt
337 ## - MEDIA TYPE
Media type term unmediated
Source rdamedia
Media type code n
338 ## - CARRIER TYPE
Carrier type term volume
Carrier type code nc
Source rdacarrier
500 ## - GENERAL NOTE
General note Includes index.
505 0# - FORMATTED CONTENTS NOTE
Formatted contents note Volume 1. 1897-1948 -- Volume 2. 1948-1957.
600 17 - SUBJECT ADDED ENTRY--PERSONAL NAME
Personal name Pearson, Lester B.
Source of heading or term BUEsh
651 #7 - SUBJECT ADDED ENTRY--GEOGRAPHIC NAME
Geographic name Canada
General subdivision Politics and government
Chronological subdivision 20th century.
Source of heading or term BUEsh
651 #7 - SUBJECT ADDED ENTRY--GEOGRAPHIC NAME
Geographic name Canada
General subdivision Foreign relations.
Source of heading or term BUEsh
655 ## - INDEX TERM--GENRE/FORM
Form subdivision Reading book
700 1# - ADDED ENTRY--PERSONAL NAME
Personal name Munro, John A.,
Relator term editor.
700 1# - ADDED ENTRY--PERSONAL NAME
Personal name Inglis, Alex I.,
Relator term editor.
942 ## - ADDED ENTRY ELEMENTS (KOHA)
Koha item type Book - Borrowing
Source of classification or shelving scheme Dewey Decimal Classification
Holdings
Withdrawn status Lost status Source of classification or shelving scheme Damaged status Not for loan Collection code Home library Current library Shelving location Date acquired Source of acquisition Total Checkouts Full call number Barcode Date last seen Price effective from Koha item type
    Dewey Decimal Classification     Alahram Central Library Central Library Second Floor 17/12/2006 Purchase   971.06430924 PEA 000002497 15/07/2025 17/12/2006 Book - Borrowing